LEADER 01801cam0 22003371 450 001 SOBE00060450 005 20181008091734.0 012 $an-ti o,no o,so GiCi (3) 1637 (A) 100 $a20180907d1637 |||||ita|0103 ba 101 $aita 102 $aIT 200 1 $a<>nozze degli dei favola dell'ab. Gio. Carlo Coppola rappresentata in musica in Firenze nelle reali nozze de serenis.mi gran duchi di Toschana Ferdinando 2. e Vittoria principessa d'Urbino 210 $aIn Firenze$cper Amadore Massi e Lorenzo Landi$d1637 215 $a[8], 104 p., [7] carte di tav. doppie$cill. calcografiche$d4º 300 $aFrontespizio calcografico e illustrazioni firmati da Alfonso Parigi e Stefano Della Bella 300 $aSegnatura: ?? A-N? 300 $aIniziali e fregi xilografici 620 $dFirenze$9SOBA00017352 700 1$aCoppola$b, Giovanni Carlo <1599-1652>$3SOBA00017726$4070$038910 702 1$aDella Bella, Stefano <1610-1664>$3SOBA00017727$4070 702 1$aParigi, Alfonso $3SOBA00017728$4070 712 02$a*Massi, Amadore & *Landi, Lorenzo$3SOBA00017729$4650 801 0$aIT$bBEM$c20181008$gRICA 850 $aBEM 852 $aBEM$jVII.E$m00547 912 $aSOBE00060450 940 $aM 103 Monografia antica SBN 941 $aM 957 $xPagliara|R$aVII.E$b00030$gNO$cPR$d00547$hPagliaraR$rDono$1tcalvano$2BEM$3BEM$420180907095056.0$520180907100720.0$6tcalvano$fLegato con: Relazione delle nozze degli dei. Favola dell'abate Gio: Carlo Coppola. Alla serenissima Vittoria principessa d'Urbino gran duchessa di Toscana 996 $aNozze degli dei favola dell'ab. Gio. Carlo Coppola rappresentata in musica in Firenze nelle reali nozze de serenis.mi gran duchi di Toschana Ferdinando 2. e Vittoria principessa d'Urbino$91728071 997 $aUNISOB LEADER 01140nam0 22003011i 450 001 UON00346569 005 20231205104322.323 010 $a05-8201-244-9 100 $a20091119d1976 |0itac50 ba 101 $aeng 102 $aGB 105 $a|||| 1|||| 200 1 $aV.S. Naipaul$fMichael Thorpe$gedited by Ian Scott-Kilvert 210 $aHarlow$cLongman$d1976 215 $a47 p.$cill.$d21 cm. 410 1$1001UON00343607$12001 $aWriters and Their Work$1210 $aLondon$cLongmans Green & CO.$v242 606 $aNAIPAUL VIDIADHAR SURAJPRASAD$3UONC039825$2FI 620 $aGB$dHarlow$3UONL000319 676 $a824$cLetteratura inglese. Saggi$v21 700 1$aTHORPE$bMichael$3UONV193006$0163457 702 1$aSCOTT-KILVERT$bIan$3UONV113859 712 $aLongman$3UONV246453$4650 801 $aIT$bSOL$c20240220$gRICA 899 $aSIBA - SISTEMA BIBLIOTECARIO DI ATENEO$2UONSI 912 $aUON00346569 950 $aSIBA - SISTEMA BIBLIOTECARIO DI ATENEO$dSI Angl VI B NAI THO $eSI LO 3367 5 996 $aV.S. Naipaul$91358839 997 $aUNIOR